The Live Enterprise: (Record no. 184111)

MARC details
000 -LEADER
fixed length control field 00636nam a22001817a 4500
005 - DATE AND TIME OF LATEST TRANSACTION
control field 20220204111418.0
010 ## - LCCN (DPL NO)
LC control number ENG-131089
020 ## - INTERNATIONAL STANDARD BOOK NUMBER
International Standard Book Number 978-93-90491-19-3
Terms of availability 2070.00
035 ## - SYSTEM CONTROL NUMBER
System control number EN-114621
037 ## - SOURCE OF ACQUISITION
Source of stock number/acquisition DBAD
082 ## - DEWEY DECIMAL CLASSIFICATION NUMBER
Classification number 658.023
100 ## - MAIN ENTRY--PERSONAL NAME
Personal name Kavanaugh, Jeff
245 ## - TITLE STATEMENT
Title The Live Enterprise:
Remainder of title Create a Continuously Evolving and Learning Organization/
Statement of responsibility, etc Jeff Kavanaugh, Rafee Tarafdar
260 ## - PUBLICATION, DISTRIBUTION, ETC. (IMPRINT)
Place of publication, distribution, etc Chennai
Name of publisher, distributor, etc McGraw Hill Education Private Limited
Date of publication, distribution, etc 2022
270 ## - ADDRESS
City Chennai`
Address Anjana Complex No. 5/90 A, Butt Road, St Thomas Mount
Postal code 600016
300 ## - PHYSICAL DESCRIPTION
Extent 224p.
Dimensions 23cm(pbk)
942 ## - ADDED ENTRY ELEMENTS (KOHA)
Source of classification or shelving scheme Dewey Decimal Classification
Item type English Books
Classification part 658.023
Call number suffix KAV
Holdings
Withdrawn status Lost status Not for loan Collection code Home library Current library Date acquired Source of acquisition Cost, normal purchase price Full call number Barcode Copy number Cost, replacement price Koha item type
      Non-fiction Patel Nagar Patel Nagar 13/01/2022 DBAD/PUB 700.00 658.023 KAV EN-114621 1 700.00 English Books

© Delhi Public Library
Hit Counter
free hit counter